Online Catalogue and eLibrary

Nobodies to somebodies : (Record no. 1215)

MARC details
000 -LEADER
fixed length control field 00274nam a2200097Ia 4500
008 - FIXED-LENGTH DATA ELEMENTS--GENERAL INFORMATION
fixed length control field 240331s9999 xx 000 0 und d
082 ## - DDC Classification
Class No. 303.4
Item Number - Author Mark JAY
100 ## - MAIN ENTRY--PERSONAL NAME
Personal name Jayawardena, K
245 #0 - TITLE STATEMENT
Title Nobodies to somebodies :
Remainder of title The Rise of the colonial bourgeoisie in Sri Lanka
942 ## - Koha item type (Biblio)
Koha item type Books in Stacks (Lending)
Holdings
Lost status Damaged status Collection code Home library Current library Shelving location Date acquired Full call number Accession Number Item type
    Lending WERC Library WERC Library Social Science Cupboard 03/31/2024 303.4 JAY 4292 Books in Stacks (Lending)

© WERC Library